| 000 | 01615cam a22003614a 4500 | ||
|---|---|---|---|
| 090 | _c0 | ||
| 001 | 11814207 | ||
| 005 | 20010302100934.0 | ||
| 008 | 991019s1999 paua b 101 0 eng | ||
| 010 | _a99055148 | ||
| 020 | _a0803126166 | ||
| 040 |
_aDLC _cDLC _dDLC |
||
| 042 | _apcc | ||
| 050 | 0 | 0 |
_aTD887.A8 _bA34 2000 |
| 082 | 0 | 0 |
_a666.72 _221 _bADV |
| 245 | 0 | 0 |
_aAdvances in Environmental Measurement Methods for Asbestos / _cMichael E. Beard and Harry L. Rook, editors. |
| 260 |
_aWest Conshohocken, PA : _bASTM, _cc1999. |
||
| 300 |
_ax, 416 p. : _bill. ; _c24 cm. |
||
| 490 | 1 |
_aSTP ; _v1342 |
|
| 500 | _a"ASTM Stock Number: STP1342." | ||
| 500 | _aPapers presented at a symposium held July 13-17, 1997 in Boulder, Colorado. | ||
| 504 | _aIncludes bibliographical references and indexes. | ||
| 650 | 0 |
_aAsbestos dust _xMeasurement _vCongresses. |
|
| 650 | 0 |
_aAsbestos fibers _xMeasurement _vCongresses. |
|
| 650 | 0 |
_aAsbestos _xAnalysis _vCongresses. |
|
| 700 | 1 |
_aBeard, Michael E., _d1940- |
|
| 700 | 1 | _aRook, Harry L. | |
| 710 | 2 | _aASTM Committee D-22 on Sampling and Analysis of Atmospheres. | |
| 830 | 0 |
_aASTM special technical publication ; _v1342. |
|
| 942 |
_2ddc _cBB |
||
| 999 |
_c10531 _d10531 |
||